[Event "Olympiad-38"]
[Site "Dresden"]
[Date "2008.11.22"]
[Round "9"]
[White "Zerafa, Robert"]
[Black "Flanders, Cander"]
[Result "1/2-1/2"]
[WhiteElo "1991"]
[BlackElo "2021"]
[PlyCount "146"]
[EventDate "2008.11.13"]
[EventType "team-swiss"]
[EventRounds "11"]
[EventCountry "GER"]
[SourceTitle "CBM 128"]
[Source "ChessBase"]
[SourceDate "2009.01.28"]
[SourceVersion "1"]
[SourceVersionDate "2009.01.28"]
[SourceQuality "1"]
[WhiteTeam "Malta"]
[BlackTeam "Netherlands Antilles"]
[WhiteTeamCountry "MLT"]
[BlackTeamCountry "AHO"]

1. e4 c5 2. Nf3 Nc6 3. d4 cxd4 4. Nxd4 e5 5. Nb5 d6 6. N1c3 a6 7. Na3 b5 8. Nd5 Be6 9. c3 Be7 10. Nc2 Nf6 11. Nxf6+ Bxf6 12. Ne3 0-0 13. Bd3 Bg5 14. 0-0 Ne7 15. Qe2 f5 16. Nxf5 Nxf5 17. Bxg5 Qxg5 18. exf5 Bxf5 19. Bxf5 Qxf5 20. a4 Qd7 21. Qe4 Rab8 22. a5 Rbc8 23. Rfd1 Qc6 24. Rd5 b4 25. Qd3 bxc3 26. bxc3 Qxc3 27. Qxc3 Rxc3 28. Rxd6 Rfc8 29. g3 R8c6 30. Rad1 R3c5 31. Rxc6 Rxc6 32. Rd8+ Kf7 33. Ra8 Kf6 34. Kg2 g6 35. Ra7 h5 36. h4 Kf5 37. Kf3 Rc3+ 38. Ke2 Rc6 39. Kd3 Ke6 40. f3 Kd6 41. g4 hxg4 42. fxg4 Kd5 43. g5 Ke6 44. Rb7 Rd6+ 45. Ke3 Rd4 46. Rb6+ Kf5 47. Rf6+ Kg4 48. Rxg6 Kxh4 49. Re6 Rg4 50. g6 Kh5 51. Rxa6 Kh6 52. Re6 Ra4 53. Rxe5 Kxg6 54. Kd3 Kf6 55. Rh5 Ke7 56. Kc3 Kd7 57. Kb3 Rg4 58. Rc5 Kd6 59. Rc1 Rg5 60. Kb4 Rg8 61. a6 Rg2 62. Ka5 Ra2+ 63. Kb6 Rb2+ 64. Ka7 Ra2 65. Kb7 Rb2+ 66. Ka8 Ra2 67. a7 Kd7 68. Rc5 Rb2 69. Rc4 Rb3 70. Rh4 Kc7 71. Rh7+ Kc6 72. Rg7 Rb2 73. Rg6+ Kc7 1/2-1/2

[Event "Olympiad-38"]
[Site "Dresden"]
[Date "2008.11.16"]
[Round "4"]
[White "Bartel, Mateusz"]
[Black "Zerafa, Robert"]
[Result "1-0"]
[WhiteElo "2602"]
[BlackElo "1991"]
[PlyCount "57"]
[EventDate "2008.11.13"]
[EventType "team-swiss"]
[EventRounds "11"]
[EventCountry "GER"]
[SourceTitle "CBM 128"]
[Source "ChessBase"]
[SourceDate "2009.01.28"]
[SourceVersion "1"]
[SourceVersionDate "2009.01.28"]
[SourceQuality "1"]
[WhiteTeam "Poland"]
[BlackTeam "Malta"]
[WhiteTeamCountry "POL"]
[BlackTeamCountry "MLT"]

1. e4 c5 2. Nf3 Nc6 3. d4 cxd4 4. Nxd4 g6 5. Nc3 Bg7 6. Be3 Nf6 7. Bc4 0-0 8. Bb3 Ng4 9. Qxg4 Nxd4 10. Qd1 Nxb3 11. axb3 d6 12. Qd2 Be6 13. 0-0 a6 14. f4 f5 15. Bd4 Qc7 16. Rae1 Rae8 17. Rf2 fxe4 18. Bxg7 Kxg7 19. Qd4+ Kg8 20. Rxe4 Qd7 21. Re3 Bf5 22. Nd5 e5 23. fxe5 dxe5 24. Nf6+ Rxf6 25. Qxd7 Bxd7 26. Rxf6 Bc6 27. Rd6 Kf7 28. Re2 Ke7 29. Rxc6 1-0